000 nam a22 a 4500
999 _c147662
_d147662
003 BLK
005 20211101095344.0
008 180410b bul|||||r ||||||| ||bul||
010 _aKNG00153879000
040 _aBLK
041 _aBUL
_cBUL
080 _aМатематика
_b51
_x(075.8)
_z51(075.8)
080 _aМатематичен анализ. Теория на реалните числа, аксиоматически формули, неравенства, основни свойства на функциите, непрекъснатост, монотонност, изучаване на отд. функции. Вж и 510.2/.6
_b517
_x(075.8)
_z517(075.8)
100 1 _aБрадистилов, Георги Делчев
_eпърви автор
_9329724
139 _aБрадистилов, Георги Делчев
_bБ 75
245 1 0 _aВисша математика
_bЧ. 1 -
_cГеорги Делчев Брадистилов.
_nЧ. 2
_pМатематически анализ
250 _a3. стереот. изд.
257 _aBGR
260 _bНаука и изкуство
_c1957-1958
_aСофия
300 _c25 см
380 _a5
650 4 _aМатематика, висша - учебници за ВУЗ
_9247603
650 4 _aМатематически анализ - учебници за ВУЗ
_9247186
653 _aвисша математика
653 _aматематически анализ
653 _aучебници за ВУЗ
760 1 _aБрадистилов, Георги Делчев
_b3. стереот. изд.
_d1958
_hXII, 627 с. : с черт.
_n1. изд. 1953 ; В кн. означено 3. стереот. изд. - 5 000 тир.
_tЧ. 2 Математически анализ
852 _aЦб 5107
_bО
942 _cKNG
_n0
_s1
944 _aCR
_c26.11.2013
_l26.11.2013 - от С1,Р / 26.11.2013
_kРадостина_Карадакова
944 _aED
_c26.11.2013
_l26.11.2013 - от С1,Р / 26.11.2013
944 _aED
_c2021-11-01
_l2021-11-01
_kВК
999 _d147662